| 000 | 00736nam a22001817a 4500 | ||
|---|---|---|---|
| 008 | 110823s2007 ua||||| |||| 00| 0 ara d | ||
| 082 |
_222 _a297.09 _bأ م ي |
||
| 100 | 1 |
_926341 _aأمين ، حسين أحمد |
|
| 245 |
_aدليل المسلم الحزين / _cحسين أحمد أمين |
||
| 250 | _aط 11. | ||
| 260 |
_aالقاهرة : _bدار العين للنشر ، _c2007. |
||
| 300 |
_a207 ص ؛ _c24 سم. |
||
| 650 | 0 |
_926859 _aالاسلام _xتاريخ |
|
| 650 | 0 |
_926861 _aالاسلام _xالقرن العشرين |
|
| 653 |
_bGeneral _cAugust2011 |
||
| 942 |
_2ddc _cBB |
||
| 999 |
_c15898 _d15898 |
||